Histoire Politique Française - Statistiques

Statistiques générales
  • Ce quiz a été pris 188 fois
    144 depuis la dernière actualisation
  • Le résultat moyen est 53 sur 167
Statistiques - réponses
Hint % Correct
Par ?
69%
Publication de J'accuse en 1898 dans le journal _______
66%
Prise de pouvoir de Hitl*r
63%
Proclamation de la IIIème république (date précise)
63%
Général adulé, populiste et bonapartiste
63%
Archiduc austro-hongrois assassiné à Sarajevo
62%
date de la création de la SFIO
60%
Jean Monnet souhaitait créer les États-Unis d'______
60%
Président après la crise du 16 mai
60%
Victoire du Front Populaire
58%
Président du Conseil sous le FP
58%
Maréchal qui quitte l'assemblée lors de la crise du 16 mai
58%
Crise du 16 mai... {année}
57%
Bataille où les français ont repoussé les allemands
57%
Pays en guerre en Europe en 36 qui a déchiré le FP
55%
Premier président de la CECA, grand instigateur de l'Europe et très proche des américains
55%
Jeudi qui a lancé la crise de 29
55%
Scandale de [lié à la corruption à l'étranger]
55%
Adoption du septennat par la république (année)
54%
Condamnation de Dreyfus
54%
Date Dreyfus innocent
54%
Homme assassiné en 1814, qui a créé la SFIO, étudiant brillant
54%
Groupe commettant de nombreux attentats à la fin du XIXème
52%
Le 2 septembre 1914, le gouvernement français se réunit à ______
52%
Économiste prônant l'interventionnisme étatique dans l'économie
52%
Date du Congrès de Tours
51%
Année à laquelle De Gaulle se retire de la vie politique (sous la IVème)
51%
Premières élections en 1945 : legislatives, municipales ou présidentielles ?
51%
Légume (ou fruit...) qu'a reçu Mollet à Alger
51%
Coalition de gauche aux élections de 1924
49%
Première coalition européenne
49%
Fête créé par le Maréchal Pétain toujours célébré aujourd'hui
49%
Alliance politique lors de la PGM
49%
Ville où De Gaulle prononce un discours sur sa vision de la République en 1946
48%
Premier parti politique en 1945 (abréviation)
48%
Fin de la censure en France
46%
Accord signé le 8 juin 1936 instituant les congés payés
45%
Groupe majoritaire à l'assemblée lors de ces legislatives
45%
Fin de la Commune de Paris ( dates précises)
43%
Ville qui a donné le nom de l'accord de paix pour la fin de la Guerre d'Algérie
43%
Parti républicain lors de l'affaire Dreyfus, anti-clérical et anti-colonisation
43%
Au congrès Tours, il y a une scission entre la SFIO et la ?
43%
Opération qui a fait entrer les communistes dans la résistance
42%
Date du retour de Poincarré
40%
Armistice de la Guerre franco prussienne (date précise)
40%
Conseil politique créé par Jean Moulin pour coordonner la résistance
40%
Lieu de mariage de Jean Monnet (Ville)
40%
Monument parisien construit dans les années 70, qui s'inscrit dans cette volonté de retourner à "ordre moral" et à la restauration monarchique
40%
Début de la guerre d'indochine : Révolution de/ d' ———— (mois de l'année)
38%
Dernier président de la IVème
38%
Annexion de la zone occupée par l'Allemagne
37%
Date de l'élection de Pierre-Mendès France (année)
37%
Premier chocs pétrolier : date
37%
Herriot dénonce à propos des banques de France "le mur de l'argent " et les "
37%
Coalition qui remporte les legislatives de 1919
37%
Journal créé face à la censure lors de la PGM
37%
Pays communiste reconnu par De Gaulle en 1964
37%
Candidat s'opposant à De Gaulle en 1965
37%
Bonus (pas vu en cours mais bénef culture G) économiste libéral opposé aux théories de Keynes Sinon taper "Je ne sais pas" pour finir de valider le questionnaire
37%
Programme lancée sous la IVème république, accéléré et aboutit par De Gaulle visant à développer le
37%
Exemple de politique d'articulation selon Skowronek
37%
Exemple de fenêtre grande
37%
"le seigneur des obus" : député socialiste travaillant dans l'armement, modernise l'armée
35%
Parti politique nationaliste (récemment) et alliance résistante communiste lors de 2GM
35%
Boisson distribuée dans les écoles sous le gouvernement de Pierre Mendès France
35%
Pape demandant aux catholiques de se rallier à la république
35%
Nom du plan allemand de conquête de la France en 1914
35%
Les grandes lois de 1928 posent les basent de la
35%
Date d'une Manifestation, émeute violente (tentative de coup d'État) de l'extrême droite
34%
Le comité d'expert, pour l'élaboration de la la constitution de la Vème, était dirigé par
34%
Nouveau parti créé en 1971
34%
Parti de masse créé par Chirac en 1976, face à l'UDF de Giscard
34%
Affaire d'un homme retrouvé mort en 1934,rumeur d'un assassinat car cet homme pouvait révéler la corruption
34%
Évenements sanglant marquant le début de la guerre d'Algérie
34%
Ministre à la fin de la guerre (initial)
32%
Qui était surnommé "le briseur de grèves" , puis "Le lion "?
32%
Naissance de Léon Blum
31%
Ce parti s'allie avec le parti de Jean Jaurès pour former le
31%
Chef du PC en 1936
31%
Adjectif pour qualifier Jean Monnet caractéristique de son parcours
31%
Première et dernières lettres du nom d'un Homme qui prônait le droit de vote des femmes, le renforcement de l'executif et qui a prédit les crimes de la 2GM (pas De Gaulle)
31%
Président qui a mis la majorité à 18 ans
31%
Premier président de la IVème
31%
Date de l'armisitce de Pétain
29%
Qui est il ? (nom de famille seulement)
29%
Caractéristique de l'épouse de Jean Monnet qui les a obligés a se marier dans cette ville. Elle était ______
29%
Tardieu a été journaliste au Temps et à
29%
Organisation qui a tenté d'assassiner De Gaulle au petit clamart
29%
Parti de De Gaulle en 1947
29%
Nouveau mode d'élection présidentielle instaurée par De Gaulle en 1962
29%
"Sois jeune et_______
29%
Aristide Briand -> _______ ->Laval
29%
Naissance de Jean Monnet
28%
Première Assemblée nationale de la IIIème république (date précise)
28%
Accord négocié par Blum en 1946 sur le cinéma avec les américains
28%
Accord où était présent Pierre - Mendès France en 1944 sur l'économie aux États-Unis
28%
Nom d'un projet pour doter l'Europe d'une armée, annulé par peur des allemands (abréviation)
28%
Chef de l'Action Française
28%
Président du conseil , radical, en 1902
28%
Ligue d'extrême droite composé d'anciens combattants
28%
Général dont le départ provoqua "la semaine des barricades" en Algérie
28%
Parti politique centriste / centre-droit aux élections de 1946
28%
Père fondateur de l'Europe côté français
28%
Zones de commerces créées lors du Plan Marshall sur les ports
28%
Président du conseil en 1915, artisan de la paix franco-allemand à Locarno 10 ans plus tard
26%
Ville où est mort le Général
26%
Maladie d'une des filles de De Gaulle
26%
Première coalition aux élection de 1951
26%
"Toute ma vie, je me suis fait____________________"
26%
En 1940, Jean Monnet préfère rallier ________ pour lutter contre les nazis.
25%
Référendum qui aboutira au départ de De Gaulle
23%
Amendment Wallon (date précise)
23%
Doctrine américaine de Containment
23%
Rue où se déroule des négociations avec les syndicats pour mettre fin à Mai 68
23%
Affiche de Mitterrand : "La force ________
23%
Naissance de George Clémenceau
22%
Date de la loi qui confère une plus grandes autonomie et élargie la citoyennté aux colonies
22%
En 1968, les legislatives voient une nette victoire des partis
22%
Ministre de l'éducation du FP
22%
La notions de John_________ à propos de la fenêtre politique pour pouvoir réformer
22%
Intention de vote maximal pour n candidat humoriste en 1981
20%
Dates du plan Marshall
20%
Date proclamation de la Vème république
20%
Pourcentage de la droite gaulliste aux élections legislative de 1967 (arrondir à la dizaine)
20%
Intellectuel p*dophile leader de mai 68
20%
Mouvement populiste des années 50, un de ses membres est mort en 2025
20%
Ministre de l'intérieur du FP qui se suicide après diffamation. "Ils ont tué..."
20%
Journal que lisait le père de De Gaulle
18%
Président du Sénat qui assure l'Intérim après le départ de De Gaulle
18%
Politique de De Gaulle en opposition à la CEE
18%
"Vous n’avez pas ____________Mr MItterrand"
18%
"Toute la constitution , ____________"
18%
Date de naissance du "plus illustre des français"
17%
Il était officier sous les ordres de
17%
Mouvement de droite, paysan, des années 50
17%
Avant 1968, les jeunes s'__________
17%
Exemple de politique de reconstruction selon Skowronek
17%
Naissance de Pierre Mendès France
15%
Nouvel impôt créé, abréviation
15%
Colonie française en crise aux élections de 1988, avec prise d'otage
15%
Chaîne de télévision française réformé par Jacques Chaban-Delmas
15%
Parti gaulliste en 1958
15%
Départ de France de De Gaulle pour Londres (date précise)
14%
Loi séparation avec l'Eglise (date précise)
14%
Meilleur amis africain de VGE, dictateur riche
14%
Second PM cohabitant avec Mitterrand
14%
Si Mitterrand fut "l'homme du passé", VGE est _______
14%
Nom de la politique de rupture de Jacques Chaban-Delmas
14%
Distinction reçu par Pétain en 1943
12%
PM nommé en 1984
12%
1er Premier Ministre sous Mitterrand
12%
côté allemand
11%
En1978, Chirac lance l'_____________ pour manifester son souverainisme et son opposition au fédéralisme européen. Opposition à VGE
9%
Premier ministre nommé en 1962
9%
Premier ministre qui feminisera ses ministères (notamment) | Principal concurrent de Mitterrand à la tête du PS
9%
Selon les fenêtres de Kingdon, celle de Mitterrand en 1981 est :
9%
Plan présenté en 1961 pour une coopération économique accrue entre les pays européens
8%
Ministre nommé en 1976, qui fera deux politiques de relance infructueuse : une par la demande (keynésiannisme) et une par l'offre
8%
Naissance de François Mitterrand
6%
Date putsch des généraux (précise)
6%
Général qui a tenté de prendre le pouvoir à Alger en 1958
6%
Candidat communiste critiqué "les chars russes à la place de la concorde en 1981
5%
Candidat de gauche aux élections de 1969, 3ème en résultat
5%
Livre de guerre du général publié en 1932
5%
Nom de résistant
5%
Sous Mitterrand, la part des emplois _____ augmentent passant de 6 à 10% de la population des travailleurs
2%
Aucun quiz correspondant
Distribution des résultats
% des personnes avec chaque résultat
Percentile par nombre de réponses
Votre historique - résultats
Vous n’avez pas pris ce quiz depuis la dernière actualisation